[Event "Women's Speed Chess Main"]
[Site "chess.com INT"]
[Date "2021.06.25"]
[Round "2.32"]
[White "Hou, Yifan"]
[Black "Assaubayeva, Bibisara"]
[Result "1/2-1/2"]
[WhiteTitle "GM"]
[BlackTitle "IM"]
[WhiteElo "2658"]
[BlackElo "2389"]
[WhiteFideId "8602980"]
[BlackFideId "13708694"]
[EventDate "2021.06.12"]

1. e4 e5 2. Nc3 Nf6 3. g3 d5 4. exd5 Nxd5 5. Bg2 Nb6 6. Nf3 Nc6 7. O-O Be7 8. d3
O-O 9. Re1 f6 10. Be3 Bg4 11. h3 Be6 12. d4 Qc8 13. dxe5 fxe5 14. Kh2 Nc4 15.
Bg5 Nxb2 16. Qe2 Bc5 17. Ne4 Bb6 18. Be3 Nc4 19. Bxb6 axb6 20. Nfg5 Nd6 21. Nxd6
cxd6 22. Rad1 Kh8 23. Rxd6 Bxa2 24. Qh5 Bg8 25. Nxh7 Bxh7 26. Be4 Rf5 27. Bxf5
Qxf5 28. Qxf5 Bxf5 29. Re2 Ra2 30. Rdd2 b5 31. c3 Ra3 32. Rd5 Rxc3 33. Rxb5 Bd3
34. Re3 Bxb5 35. Rxc3 Kg8 36. Rc5 Bd3 37. Rd5 e4 38. Rd7 b5 39. f3 Ne5 40. Rd8+
Kf7 41. fxe4 Bxe4 42. Rb8 Nf3+ 43. Kg2 Ke6 44. Kf2 Bc6 45. Ke3 Ne5 46. h4 Kd5
47. Rg8 g6 48. Kf4 Bd7 49. Rb8 Nc6 50. Rxb5+ Ke6 51. Kg5 Kf7 52. Rd5 Be6 53. Rd6
Ne7 54. h5 gxh5 55. Kxh5 Nf5 56. Rxe6 Kxe6 57. g4 Ne3 58. g5 Kf7 59. g6+ Kg8 60.
Kg5 Nd5 61. Kf5 Ne7+ 62. Kg5 Nxg6 1/2-1/2

[Event "Women's Speed Chess Main"]
[Site "chess.com INT"]
[Date "2021.06.25"]
[Round "2.33"]
[White "Assaubayeva, Bibisara"]
[Black "Hou, Yifan"]
[Result "1/2-1/2"]
[WhiteTitle "IM"]
[BlackTitle "GM"]
[WhiteElo "2389"]
[BlackElo "2658"]
[WhiteFideId "13708694"]
[BlackFideId "8602980"]
[EventDate "2021.06.12"]

1. d4 e6 2. c4 b6 3. e4 Bb7 4. Bd3 Bb4+ 5. Kf1 Be7 6. Nc3 d6 7. Nf3 Nd7 8. h4
Bf6 9. h5 h6 10. Be3 Ne7 11. Qd2 O-O 12. Rh3 e5 13. d5 Kh7 14. Nh2 Ng8 15. Ng4
Bg5 16. Bxg5 Qxg5 17. Qxg5 hxg5 18. Ne3 Nh6 19. Rd1 a5 20. g3 Nc5 21. Bc2 Bc8
22. Rh1 Bd7 23. Ke2 Ng4 24. Nxg4 Bxg4+ 25. f3 Bd7 26. Ke3 f6 27. f4 exf4+ 28.
gxf4 Kh6 29. fxg5+ fxg5 30. Ne2 Rf6 31. Rdf1 Raf8 32. Ng3 Rxf1 33. Nxf1 g4 34.
Bd1 Kg5 35. Ng3 Rf6 36. b3 Be8 37. a3 Nd7 38. b4 axb4 39. axb4 Ne5 40. Be2 Nf3
41. Nf5 Bxh5 42. Nxg7 Bg6 43. Ne6+ Rxe6 44. dxe6 Ne5 45. e7 Kf6 46. Ra1 Kxe7 47.
Ra7 Kd7 48. b5 Bf7 49. Kd4 Kd8 50. Ra3 Be6 51. Rg3 Kc8 52. Rg1 Kd7 53. Rc1 Kd8
54. Ke3 Kd7 55. Kf4 Kd8 56. Kg5 Ke7 57. Rc2 Nf7+ 58. Kf4 Ne5 59. Rc1 Kd8 60. Ke3
Kd7 61. Kd4 Kd8 62. Ke3 1/2-1/2

[Event "Women's Speed Chess Main"]
[Site "chess.com INT"]
[Date "2021.06.25"]
[Round "2.34"]
[White "Hou, Yifan"]
[Black "Assaubayeva, Bibisara"]
[Result "1-0"]
[WhiteTitle "GM"]
[BlackTitle "IM"]
[WhiteElo "2658"]
[BlackElo "2389"]
[WhiteFideId "8602980"]
[BlackFideId "13708694"]
[EventDate "2021.06.12"]

1. e4 e5 2. Nf3 Nc6 3. Bc4 Nf6 4. d3 Bc5 5. O-O O-O 6. h3 h6 7. Re1 d6 8. c3 a5
9. Be3 Bxe3 10. Rxe3 Re8 11. Nbd2 Be6 12. Bxe6 Rxe6 13. d4 d5 14. Nxe5 Nxe5 15.
dxe5 Rxe5 16. f4 Re8 17. e5 Nd7 18. Rg3 Nf8 19. Qh5 Ra6 20. Nf3 c5 21. f5 d4 22.
cxd4 cxd4 23. Rd1 d3 24. f6 Ng6 25. Rxg6 fxg6 26. Qxg6 Qd7 27. Rxd3 Qf7 28.
Qxf7+ Kxf7 29. Rd7+ 1-0

[Event "Women's Speed Chess Main"]
[Site "chess.com INT"]
[Date "2021.06.25"]
[Round "2.35"]
[White "Assaubayeva, Bibisara"]
[Black "Hou, Yifan"]
[Result "1-0"]
[WhiteTitle "IM"]
[BlackTitle "GM"]
[WhiteElo "2389"]
[BlackElo "2658"]
[WhiteFideId "13708694"]
[BlackFideId "8602980"]
[EventDate "2021.06.12"]

1. d4 Nf6 2. c4 e6 3. Nc3 Bb4 4. Qc2 O-O 5. Nf3 b6 6. e4 Bxc3+ 7. bxc3 Bb7 8.
Bd3 d6 9. e5 dxe5 10. dxe5 Bxf3 11. gxf3 Nfd7 12. Bxh7+ Kh8 13. Be4 Na6 14. f4
Nac5 15. Bf3 f5 16. Be3 Qh4 17. Bxa8 Rxa8 18. O-O-O a5 19. Rhg1 a4 20. Rg3 Rf8
21. Rdg1 Rf7 22. Rg5 Kg8 23. f3 Kf8 24. Qg2 Qh8 25. h4 Nd3+ 26. Kc2 N7c5 27.
Bxc5+ Nxc5 28. h5 Rd7 29. Rg6 Nd3 30. h6 Nxf4 31. hxg7+ Rxg7 32. Rf6+ Rf7 33.
Qg5 Qh2+ 34. Kb1 Qh7 35. Rxf7+ Kxf7 36. Qxf4 1-0

[Event "Women's Speed Chess Main"]
[Site "chess.com INT"]
[Date "2021.06.25"]
[Round "2.36"]
[White "Hou, Yifan"]
[Black "Assaubayeva, Bibisara"]
[Result "1-0"]
[WhiteTitle "GM"]
[BlackTitle "IM"]
[WhiteElo "2658"]
[BlackElo "2389"]
[WhiteFideId "8602980"]
[BlackFideId "13708694"]
[EventDate "2021.06.12"]

1. e4 e5 2. Nf3 Nc6 3. Bc4 Bc5 4. O-O Nf6 5. d3 O-O 6. h3 h6 7. Re1 d6 8. c3 Re8
9. Nbd2 a5 10. Nf1 Be6 11. Bxe6 fxe6 12. Be3 Bxe3 13. Nxe3 Qd7 14. a4 b6 15. Qc2
Ne7 16. d4 exd4 17. cxd4 Rf8 18. Rac1 Rac8 19. b3 d5 20. Ne5 Qe8 21. exd5 exd5
22. Nf5 Nxf5 23. Qxf5 Qh5 24. Qxh5 Nxh5 25. Ng6 1-0

[Event "Women's Speed Chess Main"]
[Site "chess.com INT"]
[Date "2021.06.25"]
[Round "2.37"]
[White "Assaubayeva, Bibisara"]
[Black "Hou, Yifan"]
[Result "0-1"]
[WhiteTitle "IM"]
[BlackTitle "GM"]
[WhiteElo "2389"]
[BlackElo "2658"]
[WhiteFideId "13708694"]
[BlackFideId "8602980"]
[EventDate "2021.06.12"]

1. d4 Nf6 2. c4 e6 3. Nf3 b6 4. a3 Ba6 5. Qc2 Bb7 6. Nc3 c5 7. e4 cxd4 8. Nxd4
d6 9. Be2 Nbd7 10. Be3 Be7 11. O-O O-O 12. Rad1 a6 13. f4 Rc8 14. Kh1 Qc7 15.
Bd3 Nc5 16. b3 Rfe8 17. Rc1 Nxd3 18. Qxd3 Qb8 19. Nf3 Nd7 20. e5 Nc5 21. Bxc5
Rxc5 22. Rcd1 dxe5 23. Nxe5 Rc7 24. Qe3 Bc5 25. Qg3 Rd8 26. f5 Rxd1 27. Rxd1
exf5 0-1

[Event "Women's Speed Chess Main"]
[Site "chess.com INT"]
[Date "2021.06.25"]
[Round "2.38"]
[White "Hou, Yifan"]
[Black "Assaubayeva, Bibisara"]
[Result "1-0"]
[WhiteTitle "GM"]
[BlackTitle "IM"]
[WhiteElo "2658"]
[BlackElo "2389"]
[WhiteFideId "8602980"]
[BlackFideId "13708694"]
[EventDate "2021.06.12"]

1. e4 c5 2. Nf3 d6 3. Bb5+ Nd7 4. d4 cxd4 5. Qxd4 a6 6. Be2 Ngf6 7. O-O g6 8. c4
Bg7 9. Nc3 O-O 10. Qe3 b6 11. Bd2 Bb7 12. h3 Nc5 13. Bd3 Qc7 14. Bc2 Nfd7 15.
Rac1 Rac8 16. Bb1 Ne5 17. Nd5 Bxd5 18. cxd5 Nxf3+ 19. Qxf3 Bxb2 20. Rc2 Bg7 21.
Qe2 Qb7 22. Rfc1 b5 23. Bb4 Na4 24. Rc6 Rxc6 25. dxc6 Qc7 26. Qd2 Rc8 27. Bc2
Qxc6 28. Ba3 Nc3 29. Bb3 a5 30. Bd5 Qc7 31. Re1 b4 32. Bb2 Nxd5 33. exd5 Bxb2
34. Qxb2 Qc3 35. Qe2 Re8 36. Rd1 a4 37. Qb5 b3 38. Qxe8+ Kg7 39. Qxa4 b2 40. Rb1
Qc1+ 41. Qd1 Qc3 42. Kh2 Qe5+ 43. g3 h5 44. Qd2 h4 45. Qxb2 hxg3+ 46. fxg3 1-0

[Event "Women's Speed Chess Main"]
[Site "chess.com INT"]
[Date "2021.06.25"]
[Round "2.39"]
[White "Assaubayeva, Bibisara"]
[Black "Hou, Yifan"]
[Result "1-0"]
[WhiteTitle "IM"]
[BlackTitle "GM"]
[WhiteElo "2389"]
[BlackElo "2658"]
[WhiteFideId "13708694"]
[BlackFideId "8602980"]
[EventDate "2021.06.12"]

1. d4 Nf6 2. c4 e6 3. Nf3 b6 4. a3 Bb7 5. Bf4 Be7 6. e3 O-O 7. Nc3 Ne4 8. Nxe4
Bxe4 9. Bd3 Bxd3 10. Qxd3 d6 11. O-O c5 12. Rfd1 Nd7 13. b4 cxd4 14. exd4 Rc8
15. Rac1 h6 16. c5 bxc5 17. dxc5 e5 18. cxd6 Rxc1 19. Bxc1 Bf6 20. Be3 Qa8 21.
Qb5 Rd8 22. h3 a6 23. Qd5 Qxd5 24. Rxd5 Rc8 25. Nd2 Rc1+ 26. Kh2 Rc3 27. Ne4 Rc6
28. Nc5 Nxc5 29. bxc5 Kf8 30. f3 Ke8 31. Rd3 Kd7 32. Rb3 Ke6 33. Rb7 g5 34. Kg1
Rc8 35. Kf2 Kd5 36. Rb6 a5 37. Ra6 Bd8 38. Ra7 f5 39. Ke2 f4 40. Bf2 Kc6 41. Rh7
Rb8 42. Rh8 Kd7 43. Rxh6 1-0

[Event "Women's Speed Chess Main"]
[Site "chess.com INT"]
[Date "2021.06.28"]
[Round "2.11"]
[White "Lei, Tingjie"]
[Black "Stefanova, Antoaneta"]
[Result "0-1"]
[WhiteTitle "GM"]
[BlackTitle "GM"]
[WhiteElo "2505"]
[BlackElo "2470"]
[WhiteFideId "8605114"]
[BlackFideId "2902257"]
[EventDate "2021.06.12"]

1. e4 e5 2. Nf3 Nc6 3. Bb5 a6 4. Ba4 Bc5 5. O-O Nge7 6. c3 Ng6 7. d4 Ba7 8. Bg5
f6 9. Be3 O-O 10. d5 Nce7 11. Bxa7 Rxa7 12. d6 cxd6 13. Qxd6 b5 14. Bb3+ Kh8 15.
Rd1 a5 16. a4 Rb7 17. axb5 Rxb5 18. Nbd2 Bb7 19. Qa3 Qc7 20. Bc4 Rc5 21. Bf1 Ra8
22. Nb3 Rc6 23. Rac1 a4 24. Nbd2 d5 25. exd5 Nxd5 26. g3 Nde7 27. Bg2 Rd6 28.
Nf1 Rxd1 29. Rxd1 Bc6 30. Ne3 Qb7 31. Ne1 Bxg2 32. N1xg2 h6 33. h4 Nf8 34. Rd6
Rb8 35. Qxa4 Qxb2 36. Qa7 Qb7 37. Qxb7 Rxb7 38. c4 Kg8 39. h5 Kf7 40. Nh4 Rb1+
41. Kg2 Rc1 0-1

[Event "Women's Speed Chess Main"]
[Site "chess.com INT"]
[Date "2021.06.28"]
[Round "2.12"]
[White "Stefanova, Antoaneta"]
[Black "Lei, Tingjie"]
[Result "1/2-1/2"]
[WhiteTitle "GM"]
[BlackTitle "GM"]
[WhiteElo "2470"]
[BlackElo "2505"]
[WhiteFideId "2902257"]
[BlackFideId "8605114"]
[EventDate "2021.06.12"]

1. Nf3 d5 2. g3 Nf6 3. Bg2 e6 4. O-O Be7 5. b3 O-O 6. c4 b6 7. Bb2 Bb7 8. e3 c5
9. Qe2 Nc6 10. cxd5 Nxd5 11. Rd1 Qc7 12. d4 Rfd8 13. Nc3 Nxc3 14. Bxc3 cxd4 15.
Nxd4 Nxd4 16. Bxd4 Bxg2 17. Kxg2 Rac8 18. Bb2 Qc6+ 19. Kg1 Qe4 20. Rxd8+ Rxd8
21. Rd1 Rxd1+ 22. Qxd1 h5 23. Qd4 Qb1+ 24. Kg2 Bf6 25. Qa4 Bxb2 26. Qe8+ Kh7 27.
Qxf7 Qf5 28. Qxa7 b5 29. a4 bxa4 30. bxa4 h4 31. gxh4 Qg4+ 32. Kf1 Qxh4 33. Qb6
Qc4+ 34. Kg1 Be5 35. Qb1+ Kh6 36. f4 Bc7 37. Qe1 Kg6 38. Qg3+ Kf7 39. Qg5 Qc1+
40. Kf2 Qc2+ 41. Kg3 Qg6 42. h4 Qxg5+ 43. hxg5 Bb6 44. e4 Kg6 45. Kg4 Ba5 46.
f5+ exf5+ 47. exf5+ Kf7 48. Kf3 Bd2 49. Kg4 Kg8 50. Kh5 Kh7 51. Kg4 Kg8 52. Kh5
Kf7 53. Kg4 Bb4 54. Kh5 Bc3 55. Kg4 Bd2 56. Kh5 Bc3 57. Kg4 Kg8 58. Kh5 Kh7 59.
Kg4 Bb4 60. Kh5 Bd2 61. Kg4 Kg8 1/2-1/2

[Event "Women's Speed Chess Main"]
[Site "chess.com INT"]
[Date "2021.06.28"]
[Round "2.13"]
[White "Lei, Tingjie"]
[Black "Stefanova, Antoaneta"]
[Result "1/2-1/2"]
[WhiteTitle "GM"]
[BlackTitle "GM"]
[WhiteElo "2505"]
[BlackElo "2470"]
[WhiteFideId "8605114"]
[BlackFideId "2902257"]
[EventDate "2021.06.12"]

1. e4 e5 2. Nf3 Nc6 3. Bb5 a6 4. Ba4 Bc5 5. O-O Nge7 6. Nxe5 Nxe5 7. d4 b5 8.
Bb3 Bxd4 9. Qxd4 d6 10. c3 c5 11. Qe3 O-O 12. f4 Ng4 13. Qg3 c4 14. Bc2 f5 15.
h3 Nf6 16. Nd2 Qb6+ 17. Kh1 d5 18. exd5 Nexd5 19. Nf3 Ne4 20. Bxe4 fxe4 21. Nd4
b4 22. Be3 Qg6 23. Qf2 bxc3 24. bxc3 Nxc3 25. Rac1 Nd5 26. Rxc4 Bd7 27. Rfc1 Qf7
28. f5 Bxf5 29. Nxf5 Qxf5 30. Qxf5 Rxf5 31. Rxe4 Nxe3 32. Rxe3 Raf8 33. Rc6 a5
34. Ra6 Rd5 35. Ra7 h5 36. Ra3 Rff5 37. Rg3 Rg5 38. Rxg5 Rxg5 39. Kh2 Kh7 40. a4
Kh6 41. Rb7 Rf5 42. Rb5 Kg6 43. Kg3 Kf6 44. Rb6+ Kf7 45. Rb7+ Kf6 46. Ra7 g6 47.
Ra6+ Kg7 48. Rb6 Rg5+ 49. Kf3 Rf5+ 50. Ke3 Rg5 51. Kf2 Rf5+ 52. Kg3 Rg5+ 53. Kf2
Rf5+ 54. Kg3 1/2-1/2

[Event "Women's Speed Chess Main"]
[Site "chess.com INT"]
[Date "2021.06.28"]
[Round "2.14"]
[White "Stefanova, Antoaneta"]
[Black "Lei, Tingjie"]
[Result "0-1"]
[WhiteTitle "GM"]
[BlackTitle "GM"]
[WhiteElo "2470"]
[BlackElo "2505"]
[WhiteFideId "2902257"]
[BlackFideId "8605114"]
[EventDate "2021.06.12"]

1. Nf3 d5 2. g3 Nf6 3. Bg2 e6 4. O-O Be7 5. c4 O-O 6. d4 dxc4 7. Qc2 a6 8. a4
Bd7 9. Qxc4 Bc6 10. Bf4 Bd6 11. Nc3 a5 12. Nb5 Bxf4 13. gxf4 Na6 14. Ne5 Bxg2
15. Kxg2 c6 16. Nc3 Nb4 17. e3 Nd7 18. Rfd1 Qe7 19. Ne4 Rfd8 20. Qe2 Nf8 21.
Rac1 f6 22. Nc4 Nd5 23. Nc5 Ng6 24. Kh1 b6 25. Ne4 Qb7 26. Ncd2 c5 27. dxc5 bxc5
28. Nxc5 Qxb2 29. Nxe6 Nc3 30. Qc4 Rxd2 31. Nc7+ Kh8 32. Nxa8 Qb7+ 33. Kg1 Rxd1+
34. Rxd1 Nxd1 35. Nb6 Nh4 36. e4 h6 37. Qd4 Nf3+ 0-1

[Event "Women's Speed Chess Main"]
[Site "chess.com INT"]
[Date "2021.06.28"]
[Round "2.15"]
[White "Lei, Tingjie"]
[Black "Stefanova, Antoaneta"]
[Result "0-1"]
[WhiteTitle "GM"]
[BlackTitle "GM"]
[WhiteElo "2505"]
[BlackElo "2470"]
[WhiteFideId "8605114"]
[BlackFideId "2902257"]
[EventDate "2021.06.12"]

1. e4 e5 2. Nf3 Nc6 3. Bb5 a6 4. Ba4 Bc5 5. O-O Nge7 6. c3 Ng6 7. d4 Ba7 8. Bg5
f6 9. Be3 O-O 10. Nbd2 exd4 11. Nxd4 Nce7 12. Bb3+ Kh8 13. a4 d5 14. f3 f5 15.
exd5 Nxd5 16. Bf2 Ndf4 17. Kh1 Qg5 18. Bg3 c5 19. Ne2 Nh5 20. f4 Nxg3+ 21. Nxg3
Qd8 22. Nc4 Be6 23. Qc2 b5 24. axb5 axb5 25. Rad1 Qc7 26. Na3 c4 27. Ba2 Bc5 28.
Nxb5 Qb8 29. Na3 Bxa3 30. bxa3 Rxa3 31. Bb1 Rb3 32. Qe2 Nxf4 33. Qe3 g5 34. Qd4+
Kg8 35. Rde1 Qb7 36. Rxf4 gxf4 37. Nh5 Rxb1 0-1

[Event "Women's Speed Chess Main"]
[Site "chess.com INT"]
[Date "2021.06.28"]
[Round "2.16"]
[White "Stefanova, Antoaneta"]
[Black "Lei, Tingjie"]
[Result "1-0"]
[WhiteTitle "GM"]
[BlackTitle "GM"]
[WhiteElo "2470"]
[BlackElo "2505"]
[WhiteFideId "2902257"]
[BlackFideId "8605114"]
[EventDate "2021.06.12"]

1. d4 Nf6 2. Nf3 d5 3. Bf4 c5 4. e3 Nc6 5. Nbd2 e6 6. c3 Be7 7. h3 Bd6 8. Bxd6
Qxd6 9. Bb5 O-O 10. Qa4 Bd7 11. Qa3 b6 12. O-O a6 13. Bxc6 Bxc6 14. Ne5 Bb7 15.
f4 Rad8 16. Rad1 Nd7 17. Ndf3 f6 18. Nxd7 Rxd7 19. Rf2 Qc7 20. Qb3 Bc6 21. Qc2
a5 22. Qe2 Bb7 23. Nh2 Rdf7 24. Qh5 g6 25. Qh4 Bc8 26. Nf3 Bd7 27. g4 b5 28. g5
b4 29. gxf6 Rxf6 30. Ne5 Kh8 31. Kh2 Be8 32. Rg1 bxc3 33. bxc3 cxd4 34. cxd4 Qc3
35. Rf3 Qc2+ 36. Rg2 Qe4 37. Rfg3 Qb1 38. Qh6 Rg8 39. h4 Qf5 40. Qg5 Rgf8 41.
Qxf5 Rxf5 42. Rb2 Rh5 43. Kh3 a4 44. Rb7 Kg8 45. Rg1 Rf6 46. Rc1 h6 47. Rc8 Rf8
48. Rbb8 g5 49. Rxe8 Rxh4+ 50. Kg3 Rxe8 51. Rxe8+ 1-0

[Event "Women's Speed Chess Main"]
[Site "chess.com INT"]
[Date "2021.06.28"]
[Round "2.17"]
[White "Lei, Tingjie"]
[Black "Stefanova, Antoaneta"]
[Result "0-1"]
[WhiteTitle "GM"]
[BlackTitle "GM"]
[WhiteElo "2505"]
[BlackElo "2470"]
[WhiteFideId "8605114"]
[BlackFideId "2902257"]
[EventDate "2021.06.12"]

1. e3 d5 2. d4 Nf6 3. Nf3 Bf5 4. c4 e6 5. Nc3 a6 6. b3 Bb4 7. Bd2 h6 8. Be2 O-O
9. a3 Be7 10. c5 Nbd7 11. O-O c6 12. b4 Qc7 13. a4 e5 14. b5 Ne4 15. Qb3 Nxd2
16. Nxd2 exd4 17. exd4 Bf6 18. Nf3 Rfe8 19. Rad1 Bg4 20. h3 Bh5 21. Rfe1 Bxf3
22. Bxf3 Rxe1+ 23. Rxe1 Bxd4 24. bxa6 bxa6 25. Qc2 Nxc5 26. Ne2 Ne6 27. Bg4 Bf6
28. Ng3 Nf4 29. Rc1 Re8 30. Nf5 h5 31. Bf3 g6 32. Ng3 h4 33. Nf1 Re6 34. Ne3 Qa7
35. Qd2 Qb8 36. Ng4 Bg5 37. Qc2 Nxh3+ 38. gxh3 Qf4 39. Rb1 Qxf3 40. Rb8+ Kh7 41.
Qb1 Qxh3 42. Qd1 Re4 0-1

[Event "Women's Speed Chess Main"]
[Site "chess.com INT"]
[Date "2021.06.28"]
[Round "2.21"]
[White "Stefanova, Antoaneta"]
[Black "Lei, Tingjie"]
[Result "0-1"]
[WhiteTitle "GM"]
[BlackTitle "GM"]
[WhiteElo "2470"]
[BlackElo "2505"]
[WhiteFideId "2902257"]
[BlackFideId "8605114"]
[EventDate "2021.06.12"]

1. d4 Nf6 2. Nf3 d5 3. Bf4 c5 4. e3 Nc6 5. Nbd2 e6 6. c3 Be7 7. Ne5 Nd7 8. Nxd7
Bxd7 9. Bg3 Qb6 10. Rb1 h5 11. h3 g5 12. h4 cxd4 13. exd4 g4 14. Bd3 O-O-O 15.
b4 Rdf8 16. a4 f5 17. Bf4 Be8 18. Qe2 Bf7 19. a5 Qd8 20. a6 b6 21. b5 Na5 22.
Qe5 Kd7 23. c4 dxc4 24. Nxc4 Nxc4 25. Bxc4 Bf6 26. Qd6+ Ke8 27. Qc6+ Qd7 28. Bb8
Ke7 29. Qxd7+ Kxd7 30. Bxa7 Bd8 31. Bb8 Bc7 32. Bxc7 Kxc7 33. Rc1 Kb8 34. Ke2
Rd8 35. Rhd1 Rd6 36. Bb3 Rhd8 37. Ke3 Be8 38. Bc4 f4+ 39. Kxf4 Rxd4+ 40. Rxd4
Rxd4+ 41. Ke3 e5 42. Bd3 Rd5 43. Rb1 Rxd3+ 44. Kxd3 Bg6+ 45. Kc4 Bxb1 46. Kd5
Bd3 47. Kxe5 Bxb5 48. Kf4 Bd3 49. Kg5 b5 50. Kxh5 b4 51. Kxg4 b3 52. Kf4 b2 0-1

[Event "Women's Speed Chess Main"]
[Site "chess.com INT"]
[Date "2021.06.28"]
[Round "2.22"]
[White "Lei, Tingjie"]
[Black "Stefanova, Antoaneta"]
[Result "1/2-1/2"]
[WhiteTitle "GM"]
[BlackTitle "GM"]
[WhiteElo "2505"]
[BlackElo "2470"]
[WhiteFideId "8605114"]
[BlackFideId "2902257"]
[EventDate "2021.06.12"]

1. e4 e5 2. Nf3 Nc6 3. Bb5 a6 4. Ba4 Bc5 5. O-O Nge7 6. c3 Ng6 7. d4 Ba7 8. Bg5
f6 9. Be3 O-O 10. Nbd2 exd4 11. Nxd4 Nxd4 12. cxd4 d5 13. exd5 Ne7 14. Bb3 Nxd5
15. Ne4 c6 16. Nc3 Be6 17. Qf3 Bf7 18. Rfe1 Nxe3 19. Bxf7+ Rxf7 20. fxe3 Re7 21.
Rad1 Qe8 22. Kh1 Rd8 23. d5 cxd5 24. Nxd5 Red7 25. e4 Bb8 26. Rd2 Be5 27. Red1
Kh8 28. Qg4 Rd6 29. b3 Qg6 30. Qxg6 hxg6 31. g3 Kg8 32. Kg2 Kf7 33. Kf3 Rc8 34.
Ne3 Rxd2 35. Rxd2 Rc7 36. Nc4 Ke6 37. Nxe5 Kxe5 38. Rd5+ Ke6 39. Rd2 Rc3+ 40.
Ke2 g5 41. Kf2 g4 42. Ke2 g5 43. Rd3 Rc1 44. Ke3 b5 45. Rd8 Rc2 46. Rd2 Rc1 47.
Rd8 Rc2 48. Rd2 Rc1 49. Rd8 1/2-1/2

[Event "Women's Speed Chess Main"]
[Site "chess.com INT"]
[Date "2021.06.28"]
[Round "2.23"]
[White "Stefanova, Antoaneta"]
[Black "Lei, Tingjie"]
[Result "0-1"]
[WhiteTitle "GM"]
[BlackTitle "GM"]
[WhiteElo "2470"]
[BlackElo "2505"]
[WhiteFideId "2902257"]
[BlackFideId "8605114"]
[EventDate "2021.06.12"]

1. d4 Nf6 2. Bf4 d5 3. e3 c5 4. c3 e6 5. Nd2 Nc6 6. Bd3 Bd6 7. Bxd6 Qxd6 8. f4
cxd4 9. cxd4 b6 10. a3 O-O 11. Ngf3 Bb7 12. O-O Ne7 13. Ne5 Rfc8 14. Rc1 a5 15.
Ndf3 Rxc1 16. Qxc1 Ne4 17. Qb1 f6 18. Ng4 Nf5 19. Re1 Rc8 20. Nf2 Qc6 21. g4
Nfd6 22. g5 fxg5 23. fxg5 Qe8 24. Be2 Nxf2 25. Kxf2 Ne4+ 26. Kg2 Qh5 27. Rf1 Rf8
28. Qe1 Qg4+ 29. Kh1 Ba6 30. Bxa6 Rxf3 31. Rxf3 Qxf3+ 32. Kg1 Nxg5 33. Bf1 h6
34. Qg3 Qe4 35. Be2 Qb1+ 36. Kf2 Ne4+ 0-1

[Event "Women's Speed Chess Main"]
[Site "chess.com INT"]
[Date "2021.06.28"]
[Round "2.24"]
[White "Lei, Tingjie"]
[Black "Stefanova, Antoaneta"]
[Result "0-1"]
[WhiteTitle "GM"]
[BlackTitle "GM"]
[WhiteElo "2505"]
[BlackElo "2470"]
[WhiteFideId "8605114"]
[BlackFideId "2902257"]
[EventDate "2021.06.12"]

1. e4 e5 2. Nf3 Nc6 3. Bb5 a6 4. Ba4 Bc5 5. O-O Nge7 6. c3 Ng6 7. d4 Ba7 8. Bg5
f6 9. Be3 O-O 10. Nbd2 exd4 11. Nxd4 Nce7 12. Qh5 c5 13. Nf5 Nxf5 14. exf5 Ne5
15. f4 Nd3 16. Qe2 Nxb2 17. Bb3+ d5 18. Rab1 Re8 19. Qf3 Rxe3 20. Qxd5+ Qxd5 21.
Bxd5+ Kf8 22. Rxb2 Rb8 23. c4 Bxf5 24. Rxb7 Rxb7 25. Bxb7 a5 26. Rf3 Re1+ 27.
Rf1 Re7 28. Bd5 a4 29. Kf2 Bb8 30. g3 h5 31. Nf3 Bc7 32. Re1 Rxe1 33. Kxe1 Ba5+
34. Kd1 Bb4 35. Kc1 Ke7 36. Nd2 g5 37. fxg5 fxg5 38. Nf3 Kf6 39. Ne5 Kxe5 0-1

[Event "Women's Speed Chess Main"]
[Site "chess.com INT"]
[Date "2021.06.28"]
[Round "2.25"]
[White "Stefanova, Antoaneta"]
[Black "Lei, Tingjie"]
[Result "0-1"]
[WhiteTitle "GM"]
[BlackTitle "GM"]
[WhiteElo "2470"]
[BlackElo "2505"]
[WhiteFideId "2902257"]
[BlackFideId "8605114"]
[EventDate "2021.06.12"]

1. Nf3 Nf6 2. d4 d5 3. Bf4 c5 4. e3 Nc6 5. Nbd2 e6 6. c3 Be7 7. h3 Bd6 8. Bxd6
Qxd6 9. Bb5 O-O 10. Qa4 Bd7 11. Qa3 Nxd4 12. Nxd4 Qb6 13. Bxd7 cxd4 14. Ba4 dxe3
15. fxe3 Qxe3+ 16. Kd1 Ne4 17. Nxe4 dxe4 18. Qb4 a5 19. Qb5 Rad8+ 20. Kc2 Rd2+
21. Kb3 Rd5 22. Qxb7 Rd6 23. Qc7 Rb6+ 24. Ka3 Qf2 25. b3 Rbb8 26. Rae1 Rfc8 27.
Qe5 Qc2 28. Re3 Rd8 29. Qxe4 Qd2 30. Rhe1 Rbc8 31. Qe5 Qc2 32. Qe4 Qd2 33. R3e2
Qxc3 34. Qe5 Qb4+ 35. Kb2 Rd2+ 36. Rxd2 Qxd2+ 37. Kb1 Qd3+ 38. Ka1 h6 39. Qe2
Rc1+ 40. Kb2 Qb1+ 41. Ka3 Rxe1 42. Qa6 Qc1# 0-1

[Event "Women's Speed Chess Main"]
[Site "chess.com INT"]
[Date "2021.06.28"]
[Round "2.26"]
[White "Lei, Tingjie"]
[Black "Stefanova, Antoaneta"]
[Result "1/2-1/2"]
[WhiteTitle "GM"]
[BlackTitle "GM"]
[WhiteElo "2505"]
[BlackElo "2470"]
[WhiteFideId "8605114"]
[BlackFideId "2902257"]
[EventDate "2021.06.12"]

1. e4 e5 2. Nf3 Nc6 3. Bb5 a6 4. Ba4 Bc5 5. O-O Nge7 6. c3 Ng6 7. d4 Ba7 8. Bg5
f6 9. Be3 O-O 10. Nbd2 exd4 11. Nxd4 Nxd4 12. Bxd4 Bxd4 13. cxd4 d5 14. Bb3 Be6
15. Qf3 c6 16. exd5 Bxd5 17. Bxd5+ Qxd5 18. Qxd5+ cxd5 19. Rfc1 Rac8 20. g3 Kf7
21. Nb3 Ne7 22. Rc5 b6 23. Rcc1 Nf5 24. Kf1 a5 25. a4 Rfe8 26. h3 h5 27. g4 hxg4
28. hxg4 Nd6 29. Nd2 g5 30. f3 f5 31. Rc3 fxg4 32. fxg4 Rxc3 33. bxc3 Re3 34.
Rb1 Rxc3 35. Rxb6 Ke6 36. Ke2 Ke7 37. Nf3 Rc4 38. Ne5 Rxa4 39. Ra6 Nc4 40. Nxc4
Rxc4 41. Rxa5 Rxd4 42. Ke3 Re4+ 43. Kf3 Ke6 44. Ra6+ Kf7 45. Rd6 Rd4 46. Ke3
Re4+ 47. Kf3 Rf4+ 48. Kg3 d4 49. Rd5 Kf6 50. Rd6+ Kf7 51. Rd5 Kf6 52. Rd6+ Kf7 1/2-1/2

[Event "Women's Speed Chess Main"]
[Site "chess.com INT"]
[Date "2021.06.28"]
[Round "2.31"]
[White "Stefanova, Antoaneta"]
[Black "Lei, Tingjie"]
[Result "1/2-1/2"]
[WhiteTitle "GM"]
[BlackTitle "GM"]
[WhiteElo "2470"]
[BlackElo "2505"]
[WhiteFideId "2902257"]
[BlackFideId "8605114"]
[EventDate "2021.06.12"]

1. d4 Nf6 2. Bf4 d5 3. e3 c5 4. c3 Nc6 5. Nd2 e6 6. Bg3 Be7 7. Bd3 O-O 8. f4 b6
9. Ngf3 a5 10. a4 Ba6 11. Bxa6 Rxa6 12. O-O Nd7 13. Ne5 Ncxe5 14. fxe5 f6 15.
Qe2 Ra8 16. exf6 Bxf6 17. h3 Qe7 18. Kh2 e5 19. Qf3 Qe6 20. Qf5 Qxf5 21. Rxf5 g6
22. Rf3 exd4 23. exd4 cxd4 24. cxd4 Bxd4 25. Rd3 Bxb2 26. Rb1 Be5 27. Rxd5 Bxg3+
28. Kxg3 Rad8 29. Nc4 Nc5 30. Rxd8 Rxd8 31. Rxb6 Rd3+ 32. Kh2 Nxa4 33. Ra6 Nc3
34. Rxa5 Ne4 35. Ne5 Rd2 36. Ra8+ Kg7 37. Ra7+ Kg8 38. Ra8+ Kg7 39. Ra7+ Kg8 40.
Ra8+ 1/2-1/2